01160nam a2200193Ia 4500001001100000003001000011008004100021040002500062041001300087100002000100245009100120250001100211260008400222300001200306500025700318501011400575520025700689650002000946L301-56343IT-CnALBA170116s9999||||xx |||||||||||||| ||und|| aIT-CnALBAcIT-CnALBA aITALIANO aLINGUA GRAZIANO 0aLA STORIA E LE FORME DELLA FINE. LE MATRICI ESCATOLOGICHE DEL PENSIERO DEL NOVECENTO.  a1a ed. aMILANObPARAVIA & MONDADORI ED. c2000 [1° Ed.:2000 - Ed.Ling.Originale: 2000] a218 p.  aI FILI DEL PENSIERO. CRISTIANI TRA ANTICO E MODERNO. EBRAISMO E ORIGINE DELLA ESCATOLOGIA. LO SPIRITO E LE TRE ETA' DEL MONDO. IL SENSO DELLA STORIA. LA STELLA DELLA REDENZIONE. CORSO FONDAMENTALE SULLA FEDE. THEILARD DE CHARDIN. PAREYSON L. ANDERS G.  aSocietà San Paolo EM - Piazza San Paolo, 14 - 12051 ALBA (CN) (non commercial uses only) ® Copyright 2017 aI FILI DEL PENSIERO. CRISTIANI TRA ANTICO E MODERNO. EBRAISMO E ORIGINE DELLA ESCATOLOGIA. LO SPIRITO E LE TRE ETA' DEL MONDO. IL SENSO DELLA STORIA. LA STELLA DELLA REDENZIONE. CORSO FONDAMENTALE SULLA FEDE. THEILARD DE CHARDIN. PAREYSON L. ANDERS G.  aSCIENZE SOCIALI